000
00257nam a2200097Ia 4500
008
240331s9999 xx 000 0 und d
082
_b
WHY
100
_a
Perera, Marlene,. editor
245
0
_a
Why live in fear :
_b
Women speak out-Logos-Vol. 35,No.1
942
_c
L
999
_c
2951
_d
2951